Nauka - quiz wielokrotnego wyboru #1 - Statystyki

Ogólne statystyki
  • Ten quiz został rozwiązany 1 990 razy
  • Średni wynik to 11 z 16
Statystyki odpowiedzi
Zagadnienie Odpowiedź % Poprawnych
Co to jest Andromeda? Najbliższa większa galaktyka od Drogi Mlecznej
88%
Co jest cięższe, Ziemia czy Słońce? Słońce
88%
Który z tych pierwiastków ma największą masę atomową? Uran
87%
Ile par chromosomów znajduje się w genomie typowego człowieka? 23
86%
Której z tych jednostek użyłbyś do pomiaru całkowitej ilości energii potrzebnej do podniesienia ciężaru na określoną odległość? Dżul
81%
Ile lat ma w przybliżeniu Ziemia? 4.5 miliarda lat
79%
Który z nich jest wirusem? Ospa wietrzna
79%
Prawda czy fałsz. Istnieją drzewa, które żyją dzisiaj i które żyły w roku 1 naszej ery. Prawda
73%
Jaka jest funkcja mitochondriów w komórce? Wytworzenie energii
71%
Jaki pierwiastek zawierają związki organiczne? Węgiel
66%
Jakie jest pH czystej wody? 7
60%
Który z nich nie jest minerałem? Lit
55%
Co jest mniej gęste, gorące powietrze czy zimne powietrze? Ciepłe powietrze
54%
Który z nich ma najdłuższą długość fali? Radiowe
50%
Co badają herpetolodzy? Gady i płazy
46%
Jaki jest największy księżyc w Układzie Słonecznym? Ganymede
30%
Nie znaleziono quizów pasujących do podanych kryteriów
Rozkład punktacji
Procent ludzi z każdym wynikiem
Percentyl według liczby udzielonych odpowiedzi
Twoja historia wyników
Nie rozwiązałeś tego quizu